Daniel at the Siege of Boston, 1776 / Laurie ... Read More
Available copies
- 1 of 1 copy available at LARL/NWRL Consortium.
Current holds
0 current holds with 1 total copy.
Show Only Available Copies
| Location | Call Number / Copy Notes | Barcode | Shelving Location | Status | Due Date |
|---|---|---|---|---|---|
| Detroit Lakes Public Library | J CAL (Text) | 33500010452738 | Main | Available | - |
Record details
- ISBN: 9780525421443 (hardcover)
- ISBN: 0525421440 (hardcover)
- Physical Description: p. cm.
- Edition: 1st ed.
- Publisher: New York : Dutton Children's Books, 2010.
Content descriptions
| Summary, etc.: | In 1776 Boston, twelve-year-old Daniel Prescott ... Read More |
Search for related items by subject
Search for related items by series
| LDR | 01868cam a22004218a 4500 | ||
|---|---|---|---|
| 001 | 114741 | ||
| 003 | LARL_NWRL_CONSORTIUM | ||
| 005 | 20100222091513.0 | ||
| 008 | 090327s2010 nyu c 000 1 eng | ||
| 020 | . | ‡a9780525421443 (hardcover) | |
| 020 | . | ‡a0525421440 (hardcover) | |
| 035 | . | ‡a(OCoLC)317824505 | |
| 042 | . | ‡alcac | |
| 043 | . | ‡an-us-ma | |
| 082 | 0 | 0. | ‡a[Fic] ‡222 |
| 100 | 1 | . | ‡aCalkhoven, Laurie. ‡0(LARL_NWRL_CONSORTIUM)195075 |
| 245 | 1 | 0. | ‡aDaniel at the Siege of Boston, 1776 / ‡cLaurie Calkhoven. |
| 246 | 3 | 0. | ‡aBoys of wartime Daniel at the Siege of Boston, 1776 |
| 250 | . | ‡a1st ed. | |
| 260 | . | ‡aNew York : ‡bDutton Children's Books, ‡c2010. | |
| 300 | . | ‡ap. cm. | |
| 490 | 0 | . | ‡aBoys of wartime |
| 520 | . | ‡aIn 1776 Boston, twelve-year-old Daniel Prescott enjoys assuming his father's role in taking care of his mother and sister, as well as his work as a spy and messenger for the American revolutionaries, but the pleasure ends when he witnesses the horrors of war firsthand, and learns that a trusted patriot is actually a British spy. | |
| 651 | 0. | ‡aBoston (Mass.) ‡xHistory ‡yRevolution, 1775-1783 ‡vJuvenile fiction. | |
| 651 | 1. | ‡aBoston (Mass.) ‡xHistory ‡yRevolution, 1775-1783 ‡vFiction. | |
| 651 | 1. | ‡aUnited States ‡xHistory ‡yRevolution, 1775-1783. ‡0(LARL_NWRL_CONSORTIUM)33367 | |
| 650 | 1. | ‡aSpies ‡vFiction. ‡0(LARL_NWRL_CONSORTIUM)176180 | |
| 650 | 1. | ‡aPatriotism ‡vFiction. | |
| 650 | 1. | ‡aFamily life ‡zMassachusetts ‡zBoston ‡vFiction. | |
| 901 | . | ‡a114741 ‡bOCLC ‡c114741 ‡tbiblio | |

Add to basket
Permalink
Disable Highlighting